Learning Web Design : (Record no. 12257)

MARC details
000 -CABECERA
campo de control de longitud fija 00731nam a22002177a 4500
001 - NÚMERO DE CONTROL
campo de control 001 000000002
003 - IDENTIFICADOR DEL NÚMERO DE CONTROL
campo de control OSt
005 - FECHA Y HORA DE LA ÚLTIMA TRANSACCIÓN
campo de control 20260530113915.0
008 - DATOS DE LONGITUD FIJA--INFORMACIÓN GENERAL
campo de control de longitud fija 260508b2021 |||||||| |||| 00| 0 eng d
020 ## - NÚMERO INTERNACIONAL ESTÁNDAR DEL LIBRO
Número Internacional Estándar del Libro 9780137897421
040 ## - FUENTE DE LA CATALOGACIÓN
Centro catalogador/agencia de origen ICI
Lengua de catalogación eng
Centro/agencia transcriptor ICI
041 ## - CÓDIGO DE LENGUA
Código de lengua del texto/banda sonora o título independiente eng
100 ## - ENTRADA PRINCIPAL--NOMBRE DE PERSONA
Nombre de persona Robbins, Jennifer Niederst.
9 (RLIN) 33970
245 ## - MENCIÓN DE TÍTULO
Título Learning Web Design :
Resto del título beginner's guide to HTML, CSS, JavaScript, and web graphics /
Mención de responsabilidad, etc. Jennifer Niederst Robbins.
250 ## - MENCIÓN DE EDICIÓN
Mención de edición Fifth edition.
260 64 - PUBLICACIÓN, DISTRIBUCIÓN, ETC.
Lugar de publicación, distribución, etc. Sebastopol, California :
Nombre del editor, distribuidor, etc. O'Reilly Media,
Fecha de publicación, distribución, etc. 2018.
300 ## - DESCRIPCIÓN FÍSICA
Extensión xxvii, 808 pages :
Otras características físicas illustrations ;
Dimensiones 30 cm
504 ## - NOTA DE BIBLIOGRAFÍA, ETC.
Nota de bibliografía, etc. Includes bibliographical references and index.
650 ## - PUNTO DE ACCESO ADICIONAL DE MATERIA--TÉRMINO DE MATERIA
Término de materia o nombre geográfico como elemento de entrada Web site development.
9 (RLIN) 33971
942 ## - ELEMENTOS DE PUNTO DE ACCESO ADICIONAL (KOHA)
Fuente del sistema de clasificación o colocación Library of Congress Classification
Tipo de ítem Koha
Suprimir en OPAC 1

No items available.